[Event "Golden State Open"]
[Site "Concord"]
[Date "2011.01.17"]
[Round "7"]
[White "De Guzman, Ricardo"]
[Black "Bryant, John Daniel"]
[Result "0-1"]
[WhiteElo "2449"]
[BlackElo "2496"]
[PlyCount "104"]
[EventDate "2011.01.??"]
[EventType "swiss"]
[EventRounds "7"]
[EventCountry "USA"]

1. d4 Nf6 2. Nf3 g6 3. Bg5 Bg7 4. Nbd2 d5 5. c3 O-O 6. e3 Nbd7 7. Be2 Re8 8.
Qb3 c6 9. c4 e5 10. dxe5 Nxe5 11. O-O dxc4 12. Nxc4 Nxf3+ 13. Bxf3 Be6 14. Qc2
Qe7 15. Nd2 h6 16. Bf4 Nd5 17. Bxd5 Bxd5 18. Rac1 Rad8 19. b3 Rd7 20. Rfe1 Red8
21. e4 Be6 22. Be3 Qb4 23. Nf3 Bg4 24. Bc5 Qa5 25. e5 Rd5 26. b4 Qb5 27. a4 Qd3
28. Qxd3 Rxd3 29. Bxa7 Ra8 30. Bc5 Rxa4 31. Rcd1 Rxd1 32. Rxd1 Bxe5 33. h3 Bxf3
34. Rd8+ Kg7 35. gxf3 Bc3 36. Kg2 Kf6 37. Rd7 Bxb4 38. Rd4 Bxc5 39. Rxa4 Ke5
40. f4+ Kd5 41. f5 b5 42. fxg6 fxg6 43. Rg4 b4 44. Rxg6 b3 45. Kf3 b2 46. Rg1
Kc4 47. Ke2 Kc3 48. Rd1 Bb4 49. f4 Kc2 50. f5 c5 51. f6 c4 52. f7 b1=Q 0-1

[Event "Golden State Open U2200"]
[Site "Concord"]
[Date "2011.01.14"]
[Round "1"]
[White "Shakhnazarov, Oleg"]
[Black "Adachi, Steve"]
[Result "1-0"]
[WhiteElo "2148"]
[BlackElo "1987"]
[PlyCount "99"]
[EventDate "2011.01.??"]
[EventType "swiss"]
[EventRounds "7"]
[EventCountry "USA"]

1. e4 d6 2. d4 Nf6 3. Bd3 e5 4. d5 g6 5. Ne2 Bg7 6. f3 h5 7. O-O c6 8. c4 Qb6+
9. Kh1 cxd5 10. cxd5 Nbd7 11. Na3 a6 12. Nc4 Qc7 13. b4 Nb6 14. Na5 Qe7 15. Be3
Nbd7 16. Rc1 Bh6 17. Bxh6 Rxh6 18. Rc7 Qd8 19. Qc1 b6 20. Nc6 Qxc7 21. Qxh6 Ng8
22. Qg7 Ndf6 23. f4 Bb7 24. fxe5 dxe5 25. b5 Bxc6 26. bxc6 b5 27. Rxf6 Nxf6 28.
Qh8+ Ke7 29. Qxa8 Qa5 30. Qa7+ Kd6 31. Qb8+ Qc7 32. Qf8+ Qe7 33. Qxe7+ Kxe7 34.
h3 Kd6 35. Kg1 Ne8 36. Kf2 Kc5 37. Ke3 Kb4 38. Kd2 h4 39. Nc3 f6 40. a4 bxa4
41. Bxa6 a3 42. Kc2 Ka5 43. Bb7 Kb6 44. Kb3 Nd6 45. Kxa3 f5 46. Kb4 f4 47. Na4+
Ka7 48. Nc5 Ne8 49. d6 Nxd6 50. c7 1-0